Nalaganje...

How to read a person like a book observing body language to know what people are thinking

Bibliografske podrobnosti
Glavni avtor: Nierenberg, Gerard I; Calero, Henry H; Rayson, Gabriel G
Format: Printed Book
Izdano: Rupa & Co., New Delhi 2012
Teme:
LEADER 00702nam a2200193 4500
020 |c 150 
082 |a 658.08 NIE 
100 |a Nierenberg, Gerard I; Calero, Henry H; Rayson, Gabriel G 
245 |a How to read a person like a book observing body language to know what people are thinking  |c Nierenberg, Gerard I; Calero, Henry H; Rayson, Gabriel G 
250
260 |a Rupa & Co., New Delhi  |c 2012 
300 |a 118 p 
490
500
590 |a Modern Book centre  |b MBC-0133/13 dtd 02/05/2013 
650 |a General management 
942 |c BK 
999 |c 145260  |d 145260 
952 |0 0  |1 0  |4 0  |6 658_080000000000000_NIE  |7 0  |9 158720  |a IMK  |b IMK  |g 150.00  |l 0  |o 658.08 NIE  |p IMK11622  |r 2019-10-25  |w 2019-10-25  |y BK